OCC consumer assistance : process is similar to that of other regulators but could be improved by enhanced outreach : report to the Subcommittee on Oversight and Investigations, Committee on Financial Services, House of Representatives /

Bibliographic Details
Corporate Authors: United States. Government Accountability Office, ProQuest (Firm), United States. Congress. House. Committee on Financial Services. Subcommittee on Oversight and Investigations
Format: eBook
Language:English
Published: Washington, DC : GAO, 2006.
Series:U.S. Congressional Research.
Subjects:
Online Access:Connect to the full text of this electronic book

MARC

Tag First Indicator Second Indicator Subfields
LEADER 00000cam a22000001a 4500
001 in00003343607
006 m d f
007 cr bn mmmapmmp
008 110210s2006 dcu ob f000 0 eng d
005 20260429175741.1
035 |a cis2007802915 
040 |a ProQuest  |c ProQuest  |d UtOrBLW 
042 |a pcc 
043 |a n-us--- 
099 |a CMP-2006-GAO-0250 
110 1 |a United States.  |b Government Accountability Office. 
245 1 0 |a OCC consumer assistance :  |b process is similar to that of other regulators but could be improved by enhanced outreach : report to the Subcommittee on Oversight and Investigations, Committee on Financial Services, House of Representatives /  |c United States Government Accountability Office. 
264 1 |a Washington, DC :  |b GAO,  |c 2006. 
300 |a 1 online resource. 
336 |a text  |b txt  |2 rdacontent 
337 |a computer  |b c  |2 rdamedia 
338 |a online resource  |b cr  |2 rdacarrier 
500 |a Record is based on bibliographic data in ProQuest U.S. Congressional Research Digital Collection. Reuse except for individual research requires license from ProQuest, LLC. 
504 |a Includes bibliographical references. 
500 |a Electronic resource. 
650 0 |a Banks and banking  |x State supervision  |z United States. 
655 7 |a Electronic books.  |2 local 
710 2 |a ProQuest (Firm) 
710 1 |a United States.  |b Congress.  |b House.  |b Committee on Financial Services.  |b Subcommittee on Oversight and Investigations. 
776 0 8 |i Print version:   |a United States. Government Accountability Office.  |t OCC consumer assistance  |w (DLC)2006372569 
776 0 8 |i Microfiche version:   |a United States. Government Accountability Office.  |t OCC consumer assistance.  |d [Bethesda, Md.] : ProQuest,[2004]  |o CIS 2006 J942-52  |w (ProQuest)cis00601813 
830 0 |a U.S. Congressional Research. 
856 4 0 |u http://proxy.library.tamu.edu/login?url=https://congressional.proquest.com/congcomp/getdoc?CRDC-ID=CMP-2006-GAO-0250  |z Connect to the full text of this electronic book  |t 0 
998 |a cis00601813 
999 |a MARS 
999 f f |s 9f16f0c3-f231-3da8-8ca9-e3e3d11f09ee  |i 09c55879-3987-3414-8c24-d6df49510d11  |t 0 
952 f f |a Texas A&M University  |b College Station  |c Electronic Resources  |s www_evans  |d Available Online  |t 0  |e CMP-2006-GAO-0250  |h Other scheme 
998 f f |a CMP-2006-GAO-0250  |t 0  |l Available Online